000 01225nam a2200241Ia 4500
999 _c36736
_d36736
001 2673
003 GE_BSU
005 20190517163112.0
008 181216s1987||||ge |||||||||||||| ||geo||
040 _cGE_BSU
041 _ageo
080 _a821.161.1.31 ლ–47
100 _aლერმონტოვი, მ.ი.
_91327
245 _aრჩეული თხზულებანი /
_cმ. ლერმონტოვი ; შემდგ. და კომენტ. ავტ.: ო. შალამბერიძე ; წინასიტყვ. ავტ. თ. ბუაჩიძე ; მხატვ. ლ. გრიგოლია
264 _aთბილისი :
_bსაბჭ. საქართველო,
_c1987.
300 _a522 გვ.;
_b20 სმ.
490 _aმსოფლიო ლიტერატურის ბიბლიოთეკა ;
_v ტ. 46.
653 _aთხზულებანი
653 _aქართული ლიტერატურა
700 _aშალამბერიძე, ო.
_eშემდგენელი
_91328
700 _a ბუაჩიძე, თ.
_eწინასიტყვ. ავტორი
_91329
942 _cBK
_2udc